<?xml version="1.0" encoding="UTF-8"?>
<collection xmlns="http://www.loc.gov/MARC21/slim">
 <record>
  <leader>00420cam a2200193 7i4500</leader>
  <controlfield tag="001">0000015595</controlfield>
  <controlfield tag="005">20180319090000.0</controlfield>
  <datafield tag="090" ind1="0" ind2="0">
   <subfield code="a">658.154/BAN </subfield>
  </datafield>
  <datafield tag="100" ind1="1" ind2=" ">
   <subfield code="a">Banks, Alan </subfield>
  </datafield>
  <datafield tag="245" ind1="0" ind2="0">
   <subfield code="a">Budgeting / by Alan Banks &amp; John Gilberti..</subfield>
  </datafield>
  <datafield tag="999" ind1=" " ind2=" ">
   <subfield code="a">1000024988</subfield>
   <subfield code="b">Book</subfield>
   <subfield code="c">Red Spot</subfield>
  </datafield>
  <datafield tag="999" ind1=" " ind2=" ">
   <subfield code="a">1000024989</subfield>
   <subfield code="b">Book</subfield>
   <subfield code="c">Orange Spot</subfield>
  </datafield>
  <datafield tag="999" ind1=" " ind2=" ">
   <subfield code="a">1000024990</subfield>
   <subfield code="b">Book</subfield>
   <subfield code="c">Green Spot</subfield>
  </datafield>
 </record>
</collection>
